000 00513nam a2200145 4500
001 3549
090 _a3549
100 _a20190723b u||y0fre||u0ba y50
101 _afre
200 _aWUT
_bPériodique
_dWUT - Journal de lutte de la rédaction du TAT
_eKampfzeitung der TAT-Redaktion
_fTAT-Redaktion
210 _aZurich
_bc/o Journalisten-Union (SJU) / VPOD, Zurich
_cWUT
601 _9859
_aMigros
606 _9334
_aMédias
801 _aCH
_bCH-002049-8
955 _r1978: 3 à 7. Un n° s.d. et s.n. Un n° d'octobre 1978 traduit en français.